| 000 | 00650nam a2200241Ia 4500 | ||
|---|---|---|---|
| 003 | AR-BeUNQ | ||
| 005 | 20240429132006.0 | ||
| 008 | 221202s9999 xx 000 0 und d | ||
| 020 | _a9789871417049 | ||
| 040 |
_aAR-BeUNQ _bspa _eaacr _cAR-BeUNQ |
||
| 100 | _aRaffin, Marcelo. | ||
| 245 | 0 | _aFilosofía 5 | |
| 250 | _a1a ed. | ||
| 260 |
_aLa Plata _bDGCyE _c2007 |
||
| 300 |
_a280 p. ; _bil.; _c20 x 28 cm |
||
| 490 | _aPrograma Textos Escolares para todos | ||
| 504 | _acontiene bibliografia | ||
| 546 | _aEspañol | ||
| 653 | _aFilosofía | ||
| 653 | _aFilosofía | ||
| 929 |
_bDGCy E _e2018 _aDONACION _fPAT0081587 _j59710 |
||
| 942 |
_cLIB _n0 |
||
| 999 |
_c643 _d643 |
||